=LDR 00000nam 2200000 4500 =001 INLIS000000000001359 =005 20130612085751 =008 ***********************************Ind** =035 ##$$0010-061300000001359 =041 ##$$a Ind =082 ##$$a 410.7 =090 ##$$a 410.7, Har-b =100 ##$$a HARTADI, Sinung =245 ##$$a Bahasa Indonesia Bahasaku untuk SMP, Sinung Hartadi =260 ##$$a 1991 $b Solo =300 ##$$a ...jil, ilus, 28 cm =650 ##$$a Bahasa Indonesia =650 ##$$a Studi dan Pengajaran =850 ##$$a NBPNMAT